MARC

LEADER 00000nam0a2200000 4500
001 294560
005 20231102000719.0
020 |a RU  |b 84-25826 
035 |a (RuTPU)RU\TPU\book\319633 
090 |a 294560 
100 |a 20150514d1984 km y0rusy5003 ca 
101 0 |a rus 
102 |a UA 
105 |a a z 001zy 
200 1 |a Технические средства в учебном процессе. Информационные свойства и эргономические особенности применения  |f В. Я. Ожогин 
210 |a Киев  |c Вища школа  |d 1984 
215 |a 184 с.  |c ил. 
320 |a Библиогр.: с. 181-182 
606 1 |a Технические средства обучения в высшем учебном заведении  |2 stltpush  |3 (RuTPU)RU\TPU\subj\60105  |9 77595 
610 1 |a использование 
610 1 |a учебный процесс 
610 1 |a преподавание 
610 1 |a методика 
610 1 |a эргономические свойства 
610 1 |a визуальная информация 
610 1 |a звуковая информация 
610 1 |a телевидение 
610 1 |a контролирующие устройства 
610 1 |a планирование 
686 |a Ч481.27  |2 rubbk 
700 1 |a Ожогин  |b В. Я.  |g Владимир Яковлевич  |4 070 
801 0 |a RU  |b RuMRKP  |c 19950704  |g psbo 
801 1 |a RU  |b 63413507  |c 20150514 
801 2 |a RU  |b 63413507  |c 20180503  |g RCR 
942 |c BK